000 00360cam a22001097a 4500
008 180718b1963 xxu||||| |||| 00| 0 eng d
082 _aP4x42 Un3f
245 _aFrom school to further education: report
_cby Scottish Education Department
260 _aEdinburgh
_bHer Majesty's Stationery Office
_c1963
300 _a87p.
700 _aU.K. Scottish Education Depart
999 _c494552
_d494552